Scientific charge-coupled devices (Record no. 14051)

MARC details
000 -LEADER
fixed length control field 00591nam a2200181Ia 4500
003 - CONTROL NUMBER IDENTIFIER
control field IN-BaIIA
008 - FIXED-LENGTH DATA ELEMENTS--GENERAL INFORMATION
fixed length control field 211028s9999 xx 000 0 eng d
020 ## - INTERNATIONAL STANDARD BOOK NUMBER
International Standard Book Number 0-8194-3698-4
040 ## - CATALOGING SOURCE
Transcribing agency IIA Library
080 ## - UNIVERSAL DECIMAL CLASSIFICATION NUMBER
Universal Decimal Classification number 621.317.31
Item number JAN
100 ## - MAIN ENTRY--PERSONAL NAME
Personal name Janesick, James R
9 (RLIN) 24675
245 #0 - TITLE STATEMENT
Title Scientific charge-coupled devices
Statement of responsibility, etc. James R. Janesick
260 ## - PUBLICATION, DISTRIBUTION, ETC.
Place of publication, distribution, etc. Washington
Name of publisher, distributor, etc. The International Society for Optical Engineering
Date of publication, distribution, etc. 2001
300 ## - PHYSICAL DESCRIPTION
Extent xvi, 906p.
490 ## - SERIES STATEMENT
Series statement SPIE Press monograph; PM83
650 ## - SUBJECT ADDED ENTRY--TOPICAL TERM
Topical term or geographic name entry element Charge coupled devices
9 (RLIN) 10877
942 ## - ADDED ENTRY ELEMENTS (KOHA)
Koha item type Books
Holdings
Withdrawn status Lost status Damaged status Not for loan Home library Current library Shelving location Date acquired Source of acquisition Cost, normal purchase price Total Checkouts Total Renewals Full call number Barcode Date last seen Date last checked out Cost, replacement price Price effective from Koha item type Purchase Price
        IIA Library-Bangalore IIA Library-Bangalore General Stacks 12/04/2001 EDS 4215.20 2 5 621.317.31/ JAN 14971 28/07/2025 17/10/2024 4215.20 12/04/2001 Books Rs. 4215.20

Powered by Koha